<?xml version="1.0" encoding="UTF-8"?><?xml-stylesheet type="text/xsl" href="static/style.xsl"?><OAI-PMH xmlns="http://www.openarchives.org/OAI/2.0/" xmlns:xsi="http://www.w3.org/2001/XMLSchema-instance" xsi:schemaLocation="http://www.openarchives.org/OAI/2.0/ http://www.openarchives.org/OAI/2.0/OAI-PMH.xsd"><responseDate>2026-06-01T02:40:59Z</responseDate><request verb="GetRecord" identifier="oai:riuma.uma.es:10630/7316" metadataPrefix="marc">https://riuma.uma.es/rest/oai/request</request><GetRecord><record><header><identifier>oai:riuma.uma.es:10630/7316</identifier><datestamp>2026-02-03T12:37:49Z</datestamp><setSpec>com_10630_2254</setSpec><setSpec>col_10630_37957</setSpec></header><metadata><record xmlns="http://www.loc.gov/MARC21/slim" xmlns:dcterms="http://purl.org/dc/terms/" xmlns:doc="http://www.lyncode.com/xoai" xmlns:xsi="http://www.w3.org/2001/XMLSchema-instance" xsi:schemaLocation="http://www.loc.gov/MARC21/slim http://www.loc.gov/standards/marcxml/schema/MARC21slim.xsd">
   <leader>00925njm 22002777a 4500</leader>
   <datafield ind2=" " ind1=" " tag="042">
      <subfield code="a">dc</subfield>
   </datafield>
   <datafield ind2=" " ind1=" " tag="720">
      <subfield code="a">Fortes-Román, Francisco Javier</subfield>
      <subfield code="e">author</subfield>
   </datafield>
   <datafield ind2=" " ind1=" " tag="260">
      <subfield code="c">2007</subfield>
   </datafield>
   <datafield ind2=" " ind1=" " tag="520">
      <subfield code="a">Esta tesis supone el desarrollo de la técnica LIBS para el análisis y diagnóstico de bienes patrimoniales, centrándose en el estudio de los materiales de construcción de la Catedral Málaga y de colecciones metálicas del Museo Arqueológico Provincial. Además, en esta memoria se ha diseñado y puesto a punto un analizador LIBS portátil que ha permitido la inspección y diagnostico in-situ de aquellas piezas que por dimensionalidad o valor patrimonial no pueden ser trasladas al laboratorio.</subfield>
   </datafield>
   <datafield ind1="8" ind2=" " tag="024">
      <subfield code="a">http://hdl.handle.net/10630/7316</subfield>
   </datafield>
   <datafield tag="653" ind2=" " ind1=" ">
      <subfield code="a">Espectroscopía de plasma inducido por láser  - Tesis doctorales</subfield>
   </datafield>
   <datafield ind2="0" ind1="0" tag="245">
      <subfield code="a">Técnicas láser para el análisis y diagnóstico de bienes de interés patrimonial: estudio de materiales de la Catedral de Málaga y de colecciones del Museo Arqueológico Provincial</subfield>
   </datafield>
</record>
</metadata></record></GetRecord></OAI-PMH>